[Event "50th World Juniors"]
[Site "Chennai IND"]
[Date "2011.08.03"]
[Round "2.2"]
[White "Salgado Lopez, Ivan"]
[Black "Swayams, Mishra"]
[Result "1-0"]
[WhiteTitle "GM"]
[WhiteElo "2626"]
[BlackElo "2378"]
[WhiteFideId "2257327"]
[BlackFideId "5028183"]
[EventDate "2011.08.02"]

1. e4 e5 2. Nf3 Nc6 3. d4 exd4 4. Nxd4 Nf6 5. Nxc6 bxc6 6. e5 Qe7 7. Qe2 Nd5 8.
c4 Ba6 9. Nd2 O-O-O 10. Qe4 Nb6 11. b3 d5 12. cxd5 Bxf1 13. Kxf1 cxd5 14. Qe2 d4
15. h4 Qe6 16. Nf3 d3 17. Qe3 Qd5 18. Bd2 Ba3 19. h5 f6 20. Re1 Rhe8 21. Rh4
fxe5 22. Re4 Bb2 23. Nxe5 Rxe5 24. Rxe5 Bxe5 25. Qxe5 Qxe5 26. Rxe5 Rd5 27. Rxd5
Nxd5 28. Ke1 Kd7 29. h6 gxh6 30. Bxh6 Nc3 31. a4 Kc6 32. Be3 1-0

[Event "50th World Juniors"]
[Site "Chennai IND"]
[Date "2011.08.03"]
[Round "2.4"]
[White "Nabaty, Tamir"]
[Black "Priyadharshan, K."]
[Result "1-0"]
[WhiteTitle "GM"]
[BlackTitle "IM"]
[WhiteElo "2584"]
[BlackElo "2376"]
[WhiteFideId "2809052"]
[BlackFideId "5018293"]
[EventDate "2011.08.02"]

1. Nf3 Nf6 2. c4 c5 3. Nc3 Nc6 4. g3 d5 5. cxd5 Nxd5 6. Bg2 Nc7 7. Qa4 Bd7 8.
Qe4 g6 9. Ne5 Bg7 10. Nxd7 Qxd7 11. Qa4 O-O 12. O-O Rab8 13. d3 b5 14. Qd1 Nd4
15. Bd2 Nde6 16. Rc1 Rfc8 17. b3 Ne8 18. Nd5 N8c7 19. Nc3 Ne8 20. Bh3 Nf6 21.
Be3 Nd5 22. Nxd5 Qxd5 23. Qd2 f5 24. b4 Bd4 25. Bh6 Bg7 26. e4 Bxh6 27. Qxh6
Qxd3 28. exf5 Nd4 29. fxg6 hxg6 30. Rfd1 Nf3+ 31. Kh1 Qe4 32. Qf4 Ng5+ 33. Qxe4
Nxe4 34. Bxc8 Nxf2+ 35. Kg2 Nxd1 36. Be6+ Kg7 37. Rxd1 cxb4 38. Rf1 g5 39. Rf5
Kg6 40. Rc5 Rb6 41. Bd7 a6 42. Rc6+ Rxc6 43. Bxc6 Kf5 44. h3 Ke5 45. Kf3 Kd6 46.
Be8 e5 47. h4 gxh4 48. gxh4 Ke7 49. Bc6 Kd6 50. h5 Kxc6 51. h6 1-0

[Event "50th World Juniors"]
[Site "Chennai IND"]
[Date "2011.08.03"]
[Round "2.6"]
[White "Ly, Moulthun"]
[Black "Ter-Sahakyan, Samvel"]
[Result "1/2-1/2"]
[WhiteTitle "FM"]
[BlackTitle "GM"]
[WhiteElo "2369"]
[BlackElo "2558"]
[WhiteFideId "3204405"]
[BlackFideId "13302531"]
[EventDate "2011.08.02"]

1. e4 c5 2. Nf3 d6 3. d4 cxd4 4. Nxd4 Nf6 5. Nc3 a6 6. Be3 e5 7. Nf3 Be7 8. Bc4
O-O 9. O-O Nc6 10. Qe2 Na5 11. Bb3 h6 12. Rfd1 Bd7 13. Ne1 b5 14. f3 Rc8 15. Nd5
Nxd5 16. Bxd5 Nc4 17. Bc1 Nb6 18. Bb3 a5 19. a3 Qc7 20. c3 Nc4 21. Nc2 Be6 22.
Ba2 Qc5+ 23. Kh1 Bd8 24. Ne3 Bb6 25. b4 Qc6 26. Bxc4 bxc4 27. Nd5 Bxd5 28. Rxd5
axb4 29. axb4 Ra8 30. Rb1 Ra4 31. Be3 Rb8 32. Bxb6 Rxb6 33. h3 Ra3 34. Qd2 Qa4
35. Qc1 Qa7 36. Kh2 Ra2 37. Qf1 Qc7 38. Ra1 Rba6 39. Rxa2 Rxa2 40. Qd1 Qa7 41.
Qg1 Qa6 42. Qd1 Qa7 43. Qg1 Qc7 44. Qd1 Qb6 45. Qg1 Qd8 46. Qb1 Rf2 47. Qe1 Rc2
48. Qd1 Rxc3 49. Qd2 Rb3 50. Rxd6 Qh4 51. Rc6 Rd3 52. Qc1 Qf2 53. Qg1 Qe2 54.
Rxc4 Rxf3 55. Rc1 Rf2 56. b5 Rf6 57. b6 Qxe4 58. Rc7 Kh7 59. b7 Qf4+ 60. Kh1 Qb4
61. Qc1 e4 62. Kh2 Qd6+ 63. Kh1 Qb6 64. Qc4 Qb1+ 65. Kh2 e3 66. Rxf7 Rxf7 67.
Qxf7 e2 68. Qe7 e1=Q 69. Qxe1 Qxb7 70. Qg3 Qe4 1/2-1/2

[Event "50th World Juniors"]
[Site "Chennai IND"]
[Date "2011.08.03"]
[Round "2.7"]
[White "Grandelius, Nils"]
[Black "Ikeda, Junta"]
[Result "1-0"]
[WhiteTitle "GM"]
[BlackTitle "FM"]
[WhiteElo "2542"]
[BlackElo "2349"]
[WhiteFideId "1710400"]
[BlackFideId "3204731"]
[EventDate "2011.08.02"]

1. d4 Nf6 2. c4 e6 3. Nc3 Bb4 4. e3 b6 5. Ne2 O-O 6. a3 Be7 7. e4 d6 8. Ng3 Re8
9. Be2 Bf8 10. O-O Nbd7 11. Be3 g6 12. f4 e5 13. fxe5 dxe5 14. d5 a5 15. Kh1 Be7
16. Rf2 h5 17. Bxh5 gxh5 18. Nxh5 Nf8 19. Nxf6+ Bxf6 20. Qf3 Nh7 21. Raf1 Qd7
22. h3 Rf8 23. Bh6 Bg7 24. Bxg7 Kxg7 25. Qg3+ Kh8 26. Qxe5+ f6 27. Qh5 Qg7 28.
e5 Ba6 29. exf6 Qg5 30. Qxg5 Nxg5 31. Rf5 Nh7 32. R1f4 Rf7 33. g4 Rg8 34. Kh2
Rg6 35. Ne4 Bxc4 36. d6 Bd3 37. Rd5 Bxe4 38. d7 Bxd5 39. d8=Q+ Rf8 40. Qxd5 Nxf6
41. Qe5 Kg8 42. Qxc7 1-0

[Event "50th World Juniors"]
[Site "Chennai IND"]
[Date "2011.08.03"]
[Round "2.9"]
[White "Nitin, S."]
[Black "Martinovic, Sasa"]
[Result "1/2-1/2"]
[WhiteTitle "IM"]
[BlackTitle "GM"]
[WhiteElo "2365"]
[BlackElo "2521"]
[WhiteFideId "5018277"]
[BlackFideId "14509792"]
[EventDate "2011.08.02"]

1. e4 e6 2. d4 d5 3. Nc3 Bb4 4. e5 Ne7 5. a3 Bxc3+ 6. bxc3 c5 7. h4 Qc7 8. Nf3
b6 9. h5 h6 10. Bb5+ Bd7 11. Bd3 Ba4 12. Rh4 cxd4 13. cxd4 Qc3+ 14. Bd2 Qxd3 15.
cxd3 Bxd1 16. Kxd1 Nbc6 17. Rg4 Nf5 18. Rc1 Kd7 19. Rf4 g5 20. hxg6 fxg6 21. g4
g5 22. Rxf5 exf5 23. gxf5 Rhf8 24. e6+ Kd6 25. Ne5 Nxd4 26. Nf7+ Ke7 27. Rc7+
Kf6 28. Bc3 Kxf5 29. Bxd4 Kxe6 30. Nxh6 Rf4 31. Be3 Ra4 32. Bxg5 Rxa3 33. Re7+
Kd6 34. Ke2 Ra2+ 35. Ke3 d4+ 36. Kxd4 Rxf2 37. Nf7+ Kc6 38. Ne5+ Kb5 39. Be3 Rh2
40. Nc4 Kb4 41. Bf4 Rh4 42. Re4 Kb3 43. Nd2+ Kc2 44. Nf3 Rd8+ 45. Kc4 Rc8+ 46.
Kd4 Rg4 47. Ne5 Rg2 48. Kd5 b5 49. Re1 Rc3 50. d4 b4 51. Nc4 Rf2 52. Be3 Rf8 53.
Bg5 Rg8 54. Re2+ Kb1 55. Re1+ Kc2 56. Re2+ Kb1 57. Re1+ Kc2 58. Ke4 1/2-1/2

[Event "50th World Juniors"]
[Site "Chennai IND"]
[Date "2011.08.03"]
[Round "2.11"]
[White "Janev, Tihomir"]
[Black "Durarbeyli, Vasif"]
[Result "1/2-1/2"]
[BlackTitle "GM"]
[WhiteElo "2349"]
[BlackElo "2515"]
[WhiteFideId "2910110"]
[BlackFideId "13402935"]
[EventDate "2011.08.02"]

1. Nf3 Nf6 2. c4 b6 3. Nc3 Bb7 4. g3 c5 5. Bg2 e6 6. O-O d6 7. a3 Be7 8. b4 O-O
9. Bb2 Nc6 10. b5 Na5 11. d3 d5 12. Nd2 Qc7 13. Qc2 Rfd8 14. Rad1 Rd7 15. e4
Rad8 16. Rfe1 dxc4 17. Nxc4 Nxc4 18. dxc4 Rd4 19. Qe2 Ne8 20. e5 Bxg2 21. Kxg2
Qb7+ 22. f3 Qd7 23. Rxd4 cxd4 24. Ne4 Qc7 25. Nf2 d3 26. Qe4 d2 27. Rd1 Rc8 28.
Rxd2 Qxc4 29. Rd7 Qxe4 30. Nxe4 Kf8 31. Bc3 Rc7 32. Rxc7 Nxc7 33. a4 1/2-1/2

[Event "50th World Juniors"]
[Site "Chennai IND"]
[Date "2011.08.03"]
[Round "2.12"]
[White "Artemenko, Oleg"]
[Black "Piorun, Kacper"]
[Result "0-1"]
[BlackTitle "IM"]
[WhiteElo "2341"]
[BlackElo "2514"]
[WhiteFideId "14201798"]
[BlackFideId "1130420"]
[EventDate "2011.08.02"]

1. d4 Nf6 2. c4 e6 3. Nc3 Bb4 4. e3 O-O 5. Bd3 c5 6. Ne2 cxd4 7. exd4 d5 8. O-O
Nc6 9. cxd5 Nxd5 10. Qc2 h6 11. Bd2 Nf6 12. Rad1 Re8 13. Be3 Bf8 14. a3 Bd7 15.
Nf4 Ne7 16. d5 exd5 17. Nfxd5 Nexd5 18. Nxd5 Nxd5 19. Bh7+ Kh8 20. Rxd5 Qe7 21.
Bf5 Bc6 22. Rd2 g6 23. Bh3 Bg7 24. Rfd1 Red8 25. Qc5 Rxd2 26. Rxd2 Qe4 27. f3
Qb1+ 28. Kf2 Re8 29. Qc2 Qh1 30. Bd7 Rxe3 31. Kxe3 Qe1+ 32. Re2 Qg1+ 0-1

[Event "50th World Juniors"]
[Site "Chennai IND"]
[Date "2011.08.03"]
[Round "2.18"]
[White "Gireman, Ja"]
[Black "Rombaldoni, Axel"]
[Result "0-1"]
[BlackTitle "IM"]
[WhiteElo "2084"]
[BlackElo "2459"]
[WhiteFideId "5043794"]
[BlackFideId "815837"]
[EventDate "2011.08.02"]

1. e4 c5 2. Nf3 Nc6 3. d4 cxd4 4. Nxd4 Nf6 5. Nc3 d6 6. h3 e5 7. Nde2 h5 8. Bg5
Be7 9. Qd2 Be6 10. f4 Rc8 11. a3 Na5 12. Ng3 g6 13. O-O-O h4 14. Bb5+ Kf8 15. f5
Bc4 16. fxg6 fxg6 17. Nge2 Bxb5 18. Nxb5 Nb3+ 19. Kb1 Nxd2+ 20. Rxd2 Nxe4 0-1

[Event "50th World Juniors"]
[Site "Chennai IND"]
[Date "2011.08.03"]
[Round "2.19"]
[White "Urkedal, Frode"]
[Black "Patil, Pratik"]
[Result "1/2-1/2"]
[WhiteTitle "IM"]
[WhiteElo "2448"]
[BlackElo "2141"]
[WhiteFideId "1506102"]
[BlackFideId "5038758"]
[EventDate "2011.08.02"]

1. Nf3 d5 2. d4 Nf6 3. c4 c6 4. e3 a6 5. Bd3 b5 6. b3 g6 7. Qc2 Bg7 8. O-O O-O
9. Bb2 Nbd7 10. Nbd2 Bb7 11. e4 bxc4 12. bxc4 dxe4 13. Nxe4 Nxe4 14. Bxe4 Nf6
15. Ba3 Qc7 16. Rab1 Rab8 17. Bc5 Rfe8 18. Ne5 Nd7 19. Nxd7 Qxd7 20. Qa4 Bxd4
21. Rxb7 Qxb7 22. Bxd4 Rec8 23. Be5 Qb4 24. Qc2 Rb7 25. h4 Qc5 26. Qc3 Rd8 27.
h5 Rb4 28. hxg6 hxg6 29. Qg3 Qxc4 30. Qh3 f6 31. Bxg6 fxe5 32. Qh7+ Kf8 33. Qh6+
Kg8 34. Bh7+ Kf7 35. Qh5+ Kf8 36. Qh6+ Kf7 37. Bg6+ Kg8 38. f4 e4 39. Qh7+ Kf8
40. Qh6+ Kg8 41. Kh2 Qe6 42. Rd1 Rbb8 43. Qh7+ Kf8 44. Qh6+ Kg8 45. Rd6 Rxd6 46.
Qh7+ 1/2-1/2

[Event "50th World Juniors"]
[Site "Chennai IND"]
[Date "2011.08.03"]
[Round "2.20"]
[White "Stany, G.A."]
[Black "Karma, Pandya"]
[Result "1-0"]
[WhiteElo "2435"]
[BlackElo "2136"]
[WhiteFideId "5029104"]
[BlackFideId "5030331"]
[EventDate "2011.08.02"]

1. e4 e6 2. d4 d5 3. e5 c5 4. c3 Nc6 5. Nf3 Bd7 6. a3 f6 7. b4 fxe5 8. dxe5 Qc7
9. Bf4 Nh6 10. Bd3 c4 11. Bc2 g6 12. O-O Bg7 13. Re1 O-O 14. Bg3 Nf5 15. Qe2
Nxg3 16. hxg3 Rxf3 17. gxf3 Nxe5 18. f4 Nf7 19. Qe3 e5 20. fxe5 Nxe5 21. f4 Ng4
22. Qf3 Qb6+ 23. Kg2 Nf6 24. Nd2 Bc6 25. Re6 d4 26. Rxc6 Qxc6 27. Qxc6 bxc6 28.
cxd4 Re8 29. Kf3 c3 30. Nc4 Rd8 31. Rd1 Nd5 32. Ne5 Ne7 33. Be4 Bxe5 34. fxe5 a5
35. bxa5 Ra8 36. Rc1 Rxa5 37. Rxc3 Nd5 38. Rxc6 Rxa3+ 39. Kg4 h5+ 40. Kh4 Ne7
41. Rc4 Nf5+ 42. Bxf5 gxf5 43. d5 Re3 44. d6 Kf7 45. Rd4 Ke8 46. d7+ Kd8 47. Rd5
Re4+ 48. Kg5 Rg4+ 49. Kh6 Rxg3 50. e6 1-0

[Event "50th World Juniors"]
[Site "Chennai IND"]
[Date "2011.08.03"]
[Round "2.21"]
[White "Petrisor, Adrian-Marian"]
[Black "Santos, Hugo Lima"]
[Result "1-0"]
[WhiteTitle "FM"]
[WhiteElo "2408"]
[BlackElo "2078"]
[WhiteFideId "1213741"]
[BlackFideId "1913026"]
[EventDate "2011.08.02"]

1. e4 e6 2. Nf3 d5 3. Nc3 Nf6 4. e5 Nfd7 5. g3 c5 6. d3 Nc6 7. Bf4 Be7 8. h4 Qc7
9. Qe2 Nd4 10. Nxd4 cxd4 11. Nb1 O-O 12. Bg2 Qb6 13. b3 Bb4+ 14. Kf1 f6 15. exf6
Nxf6 16. Nd2 Bd7 17. Nf3 Be8 18. Bh3 Bf7 19. Kg2 Rae8 20. Ne5 Bd6 21. g4 Bxe5
22. Bxe5 Nd7 23. Rhe1 Nxe5 24. Qxe5 Rc8 25. Re2 Qc7 26. Qxd4 e5 27. Rxe5 Qxc2
28. Rae1 Qc3 29. Qxa7 Qxd3 30. R1e3 Qd2 31. Qxb7 Bg6 32. Re2 Qd4 33. Qxd5+ Qxd5+
34. Rxd5 Rc3 35. Rde5 Bf7 36. Rd2 Be8 37. Kh2 Rcf3 38. Rf5 R8xf5 39. gxf5 Kf8
40. Bg4 Rf4 41. Kg3 Rb4 42. Be2 Ke7 43. Bc4 Rb6 44. a4 Rb4 45. a5 Bb5 46. Ra2
Kf6 47. a6 Bc6 48. a7 Ba8 49. Ra5 Rb6 50. Ra6 Rxa6 51. Bxa6 Kxf5 52. Bf1 1-0

[Event "50th World Juniors"]
[Site "Chennai IND"]
[Date "2011.08.03"]
[Round "2.23"]
[White "Matlakov, Maxim"]
[Black "Prasannaa, S"]
[Result "1-0"]
[WhiteTitle "GM"]
[WhiteElo "2632"]
[BlackElo "2032"]
[WhiteFideId "4168003"]
[BlackFideId "5068878"]
[EventDate "2011.08.02"]

1. Nf3 Nf6 2. c4 c5 3. Nc3 Nc6 4. g3 g6 5. Bg2 Bg7 6. O-O O-O 7. d4 cxd4 8. Nxd4
Nxd4 9. Qxd4 d6 10. Qd3 Bf5 11. e4 Bd7 12. b3 Bc6 13. Be3 a5 14. Rad1 Nd7 15.
Rfe1 Nc5 16. Qd2 Qc7 17. Nd5 Bxd5 18. exd5 Rab8 19. Bf1 Rbd8 20. h4 h5 21. Bg5
Rde8 22. Bh3 f6 23. Bf4 f5 24. Bg2 Kh7 25. Rb1 Be5 26. Bg5 Rf7 27. Bf3 Ref8 28.
Bh6 Bg7 29. Bf4 Be5 30. Rbd1 Bxf4 31. Qxf4 Qb6 32. Re3 Ne4 33. Rde1 a4 34. R1e2
axb3 35. axb3 Nc5 36. Rxe7 Nd3 37. Qg5 Ne5 38. R2xe5 dxe5 39. Re6 Qd8 40. Qxg6+
Kh8 41. Rxe5 Qb8 42. d6 Rf6 43. Qxh5+ Kg7 44. Qg5+ Rg6 45. Re7+ Rf7 46. Rxf7+
Kxf7 47. Bh5 1-0

[Event "50th World Juniors"]
[Site "Chennai IND"]
[Date "2011.08.03"]
[Round "2.25"]
[White "Swiercz, Dariusz"]
[Black "Ashwath, R."]
[Result "1-0"]
[WhiteTitle "GM"]
[WhiteElo "2553"]
[BlackElo "2259"]
[WhiteFideId "1126881"]
[BlackFideId "5021049"]
[EventDate "2011.08.02"]

1. e4 e5 2. Nf3 Nc6 3. Bb5 a6 4. Ba4 d6 5. O-O Bd7 6. c3 g6 7. d4 Bg7 8. Re1
Nge7 9. d5 Nb8 10. c4 O-O 11. Nc3 h6 12. b4 a5 13. a3 Na6 14. Rb1 f5 15. Be3 f4
16. Bxd7 Qxd7 17. Bd2 axb4 18. axb4 g5 19. h3 g4 20. hxg4 Qxg4 21. Nh2 Qg5 22.
Qg4 Qxg4 23. Nxg4 h5 24. Nh2 c5 25. Nb5 Rfd8 26. Nf3 Bf6 27. Rec1 cxb4 28. Bxb4
Nxb4 29. Rxb4 Rd7 30. Rbb1 Ng6 31. c5 dxc5 32. Rxc5 Be7 33. d6 Bf6 34. Rbc1 Kf7
35. Rc8 Ra5 36. R1c7 Nf8 37. Nc3 Rxc7 38. dxc7 Rc5 39. Nd5 Ne6 40. Rb8 Nxc7 41.
Rxb7 Bd8 42. Nxe5+ Ke8 43. Nd3 Rc4 44. Rb4 Rxb4 45. Nxc7+ Bxc7 46. Nxb4 Kd7 47.
Nd5 Be5 48. Kf1 Ke6 49. Ke2 Kf7 1-0

[Event "50th World Juniors"]
[Site "Chennai IND"]
[Date "2011.08.03"]
[Round "2.27"]
[White "Pradeep, Kumar R.A."]
[Black "Sethuraman, S.P."]
[Result "0-1"]
[BlackTitle "GM"]
[WhiteElo "2245"]
[BlackElo "2529"]
[WhiteFideId "5023181"]
[BlackFideId "5021596"]
[EventDate "2011.08.02"]

1. Nf3 Nf6 2. c4 b6 3. g3 c5 4. Bg2 Bb7 5. O-O e6 6. Nc3 Be7 7. d4 cxd4 8. Qxd4
d6 9. Rd1 a6 10. Ng5 Bxg2 11. Kxg2 Nc6 12. Qf4 O-O 13. b3 Qc7 14. Ba3 Ne8 15.
Rac1 Qb7 16. h4 b5 17. Nce4 h6 18. Nf3 b4 19. Bb2 f5 20. Ned2 e5 21. Qe3 Nf6 22.
c5 dxc5 23. Qd3 e4 24. Qc4+ Kh7 25. Ng5+ hxg5 26. hxg5 Nh5 27. Rh1 g6 28. f4 Qd7
29. Nxe4 0-1

[Event "50th World Juniors"]
[Site "Chennai IND"]
[Date "2011.08.03"]
[Round "2.28"]
[White "Cori, Jorge"]
[Black "Das, Sayantan"]
[Result "1-0"]
[WhiteTitle "GM"]
[BlackTitle "FM"]
[WhiteElo "2514"]
[BlackElo "2246"]
[WhiteFideId "3802272"]
[BlackFideId "5034426"]
[EventDate "2011.08.02"]

1. d4 Nf6 2. c4 g6 3. Nf3 Bg7 4. g3 O-O 5. Bg2 c5 6. d5 d6 7. Nc3 a6 8. a4 Bg4
9. Nd2 Ne8 10. O-O Qc8 11. Qb3 a5 12. f3 Bd7 13. f4 Na6 14. Nf3 Nb4 15. Bd2 f5
16. Rae1 Nf6 17. h3 Kh8 18. Kh2 e6 19. dxe6 Bxe6 20. Ng5 Bg8 21. e4 fxe4 22.
Ncxe4 Nxe4 23. Bxe4 h6 24. Nf3 b5 25. Nh4 Bf7 26. axb5 d5 27. cxd5 Qd7 28. Bc3
Nxd5 29. Bxd5 Bxd5 30. Nxg6+ Kh7 31. Qc2 Rf5 32. Re7 1-0

[Event "50th World Juniors"]
[Site "Chennai IND"]
[Date "2011.08.03"]
[Round "2.29"]
[White "Pap, Gyula"]
[Black "Kathmale, Sameer"]
[Result "1/2-1/2"]
[WhiteTitle "GM"]
[WhiteElo "2513"]
[BlackElo "2211"]
[WhiteFideId "725323"]
[BlackFideId "5024498"]
[EventDate "2011.08.02"]

1. d4 Nf6 2. c4 e6 3. Nf3 b6 4. g3 Bb7 5. Bg2 Be7 6. O-O O-O 7. Re1 Na6 8. Ne5
Bxg2 9. Kxg2 Qc8 10. e4 Qb7 11. Nc3 Bb4 12. d5 Nc5 13. Qf3 Bxc3 14. bxc3 Rae8
15. Bh6 d6 16. Nc6 Kh8 17. Bg5 Ng8 18. Be3 f5 19. e5 Nd3 20. Bd4 Nxe1+ 21. Rxe1
Qa6 22. Qe2 exd5 23. cxd5 Qxe2 24. Rxe2 dxe5 25. Rxe5 Rxe5 26. Bxe5 Nf6 27. c4
b5 28. cxb5 Nxd5 29. a4 Ra8 30. Nd4 Re8 31. f4 Ne3+ 32. Kf3 Nc4 33. Bxc7 Re3+
34. Kg2 Ra3 35. a5 Nxa5 36. Nxf5 Nc4 37. Nd4 Ne3+ 38. Kh3 Ra2 39. f5 Kg8 40. Bd6
Nf1 41. g4 Rd2 42. Be5 Rd3+ 43. Kg2 Ne3+ 44. Kf3 Nc4+ 45. Kf4 Rd2 46. Nc6 Rd7 1/2-1/2

[Event "50th World Juniors"]
[Site "Chennai IND"]
[Date "2011.08.03"]
[Round "2.30"]
[White "Soares, Erikson Roberto Mauricio"]
[Black "Krejci, Jan2"]
[Result "1/2-1/2"]
[BlackTitle "IM"]
[WhiteElo "2181"]
[BlackElo "2503"]
[WhiteFideId "10100091"]
[BlackFideId "322156"]
[EventDate "2011.08.02"]

1. d4 Nf6 2. Nf3 e6 3. g3 b5 4. Bg2 Bb7 5. O-O Be7 6. Nbd2 O-O 7. c4 bxc4 8.
Nxc4 d5 9. Nfe5 c6 10. Nd2 Nbd7 11. Ndf3 c5 12. Be3 c4 13. Qc2 Nb6 14. Ng5 h6
15. Nh3 Nfd7 16. f4 f5 17. g4 Qe8 18. Bf3 Nxe5 19. dxe5 Qa4 20. Qxa4 Nxa4 21. b3
cxb3 22. axb3 Bc5 23. Bxc5 Nxc5 24. gxf5 exf5 25. Rfd1 a5 26. Ra3 Rfd8 27. Rda1
Rac8 28. Rd1 d4 29. Bxb7 Nxb7 30. Nf2 Rc3 31. Nd3 g5 32. fxg5 hxg5 33. Kf2 Kf7
34. Rg1 g4 35. Nf4 Rh8 36. Kg2 Re3 37. Rc1 Rc3 38. Rd1 Rd8 39. Ra4 Rxb3 40. Rc4
Rc3 41. Rcxd4 Rxd4 42. Rxd4 Nc5 43. Rd6 a4 44. Rf6+ Ke8 45. Rb6 Rc4 46. Nd5 Rd4
47. Rd6 Kf7 48. Rf6+ Ke8 49. Rd6 Kf7 50. Rf6+ Ke8 51. Nc7+ Kd7 52. Rf7+ 1/2-1/2

[Event "50th World Juniors"]
[Site "Chennai IND"]
[Date "2011.08.03"]
[Round "2.31"]
[White "Salem, A.R. Saleh"]
[Black "Shreyans, K. Shah"]
[Result "1-0"]
[WhiteTitle "GM"]
[WhiteElo "2493"]
[BlackElo "2203"]
[WhiteFideId "9301348"]
[BlackFideId "5029074"]
[EventDate "2011.08.02"]

1. d4 e6 2. c4 f5 3. g3 Nf6 4. Bg2 c6 5. Nf3 d5 6. O-O Bd6 7. Qc2 O-O 8. Nc3 Bd7
9. Rb1 Be8 10. Ng5 Qe7 11. Qb3 dxc4 12. Qxc4 Bf7 13. e4 fxe4 14. Ncxe4 Nxe4 15.
Bxe4 h6 16. Nxf7 Qxf7 17. Qb3 e5 18. d5 c5 19. Bd2 Qc7 20. g4 Nd7 21. g5 hxg5
22. Bxg5 Nf6 23. Bf5 g6 24. Be6+ Kg7 25. Qe3 Rh8 26. f4 exf4 27. Rxf4 Be5 28.
Re1 Bd4 29. Qxd4 1-0

[Event "50th World Juniors"]
[Site "Chennai IND"]
[Date "2011.08.03"]
[Round "2.32"]
[White "Abhishek, Kelkar"]
[Black "Shyam, Sundar M."]
[Result "1-0"]
[BlackTitle "IM"]
[WhiteElo "2197"]
[BlackElo "2478"]
[WhiteFideId "5019257"]
[BlackFideId "5019141"]
[EventDate "2011.08.02"]

1. d4 Nf6 2. c4 g6 3. Nc3 Bg7 4. Nf3 O-O 5. Bg5 d6 6. e3 c5 7. d5 Na6 8. Be2 Nc7
9. a4 a6 10. a5 Rb8 11. O-O b5 12. axb6 Rxb6 13. Ra2 Bd7 14. Nd2 Qb8 15. Qc1 Qb7
16. h3 Rb8 17. b3 Re8 18. e4 Qc8 19. Be3 e5 20. Qc2 Rf8 21. Rb1 Nfe8 22. Na4 Rb8
23. b4 Rxb4 24. Rxb4 cxb4 25. Nb6 Qd8 26. Nxd7 Qxd7 27. Ra4 Nf6 28. Rxb4 Ra8 29.
c5 dxc5 30. Bxc5 Nb5 31. Bxb5 axb5 32. Qb2 Rc8 33. Rxb5 Bh6 34. Rb7 Rxc5 35.
Rxd7 Nxd7 36. Nf3 Bg7 37. Qb7 Rc1+ 38. Kh2 Nc5 39. Qc8+ Bf8 40. d6 1-0

[Event "50th World Juniors"]
[Site "Chennai IND"]
[Date "2011.08.03"]
[Round "2.33"]
[White "Mithil, Ajgaonkar"]
[Black "Kovalev, Vladislav"]
[Result "0-1"]
[BlackTitle "FM"]
[WhiteElo "2130"]
[BlackElo "2439"]
[WhiteFideId "5017343"]
[BlackFideId "13504398"]
[EventDate "2011.08.02"]

1. d4 Nf6 2. c4 g6 3. Nf3 Bg7 4. g3 O-O 5. Bg2 c5 6. O-O Nc6 7. Nc3 d6 8. d5 Na5
9. Nd2 e5 10. a3 b6 11. b4 Nb7 12. e4 Nd7 13. Bb2 f5 14. f4 exf4 15. gxf4 Nf6
16. e5 dxe5 17. fxe5 Ng4 18. e6 Bd4+ 19. Kh1 Nxh2 20. Qe1 Nxf1 21. e7 Ng3+ 22.
Kh2 Qd6 23. exf8=Q+ Kxf8 24. Qxg3 Be5 25. Qxe5 Qxe5+ 26. Kh1 Nd6 27. bxc5 bxc5
28. Na4 Qf4 29. Nb3 Qh6+ 30. Kg1 Qe3+ 0-1

[Event "50th World Juniors"]
[Site "Chennai IND"]
[Date "2011.08.03"]
[Round "2.34"]
[White "Prince, Bajaj"]
[Black "Ramnath, Bhuvanesh R"]
[Result "1/2-1/2"]
[WhiteTitle "CM"]
[BlackTitle "IM"]
[WhiteElo "2146"]
[BlackElo "2422"]
[WhiteFideId "5045150"]
[BlackFideId "5026598"]
[EventDate "2011.08.02"]

1. e4 c5 2. Nf3 Nc6 3. d4 cxd4 4. Nxd4 e5 5. Nb5 d6 6. N1c3 a6 7. Na3 Be6 8.
Nab5 Bc8 9. Na3 Be6 10. Be3 Rb8 11. Nd5 Bxd5 12. exd5 Nce7 13. c4 Nf6 14. g3 g6
15. Bg2 Bg7 16. O-O O-O 17. Nc2 Nf5 18. Rc1 Nxe3 19. Nxe3 Nd7 20. b4 Rc8 21. Qb3
a5 22. c5 axb4 23. cxd6 Qb6 24. Nc4 Qc5 25. Nxe5 Qxc1 26. Nxd7 Rfd8 27. Nb6 Qc3
28. Nxc8 Rxc8 29. d7 Rd8 30. Rb1 Qxb3 31. Rxb3 Bf8 32. d6 Bxd6 33. Bxb7 1/2-1/2

[Event "50th World Juniors"]
[Site "Chennai IND"]
[Date "2011.08.03"]
[Round "2.35"]
[White "Karthikeyan, Murali"]
[Black "Shyam, Nikil P."]
[Result "0-1"]
[BlackTitle "IM"]
[WhiteElo "2122"]
[BlackElo "2398"]
[WhiteFideId "5074452"]
[BlackFideId "5024218"]
[EventDate "2011.08.02"]

1. e4 c5 2. Nf3 d6 3. d4 cxd4 4. Nxd4 Nf6 5. Nc3 a6 6. Be3 e5 7. Nb3 Be6 8. f3
Nbd7 9. Qd2 Be7 10. O-O-O b5 11. g4 Nb6 12. Qf2 Nfd7 13. Kb1 O-O 14. Nd5 Bxd5
15. exd5 Nc4 16. Bc1 Bh4 17. Qg1 Rc8 18. g5 f5 19. f4 Qb6 20. Qxb6 Ndxb6 21.
Bxc4 Nxc4 22. Bd2 Bf2 23. Bb4 exf4 24. Nd4 a5 25. Be1 Bxd4 26. Rxd4 f3 27. Rf4
Rfe8 28. Kc1 Ne3 29. Rxf3 Rxc2+ 30. Kb1 Re2 31. Bc3 Re4 32. b3 Nxd5 33. Bxa5 b4
34. Rxf5 Nc3+ 35. Kc1 Nxa2+ 36. Kb1 h5 37. g6 Nc3+ 38. Kc1 Na2+ 39. Kb1 Nc3+ 40.
Kc1 Rg2 41. Rhf1 Rxg6 42. Kc2 Rg2+ 43. R1f2 Re2+ 44. Rxe2 Nxe2 45. Kd3 Nc1+ 46.
Ke3 Re2+ 47. Kf3 Nxb3 48. Kxe2 Nd4+ 49. Kd3 Nxf5 50. Bxb4 d5 51. Ke2 Kf7 52. Kf3
g5 53. Bc3 Nh4+ 54. Ke3 Ke6 55. h3 Ng6 56. Bd2 Ke5 57. Kf3 Kf5 58. Kg3 h4+ 59.
Kh2 Nf4 60. Bc3 Ke4 61. Bf6 Ne6 62. Kg2 d4 63. Kf1 Kf3 64. Be5 Nf4 65. Bxd4 Nxh3
66. Bf6 Kg3 67. Bd8 Kg4 68. Kg2 Nf4+ 69. Kh2 Nd3 70. Be7 Ne5 71. Bd8 Ng6 72. Kg2
Kf4 73. Bc7+ Ke4 74. Bd8 g4 75. Bf6 Kf4 76. Bd8 h3+ 77. Kh2 Kf3 78. Ba5 Nf4 79.
Be1 Nd5 80. Bg3 Ne3 81. Bb8 Nf1+ 82. Kg1 g3 83. Kh1 g2+ 84. Kg1 h2+ 0-1